LEADER 01194nam a2200253 i 4500 001 000000183730 003 CaOOAMICUS 005 20200824081448.0 008 091125s1986 be u000 u mul u 013 $a161698 040 $aSeMil$bita 245 10$a1: [Textus]. 264 1$aLovanii :$bin aedibus Peeters,$c1986. 300 $aXVII, 188 p. ;$c25 cm 700 1 $aEsbroeck, Michel-Jean : van.$0(OLS)http://semarc/name/10083 773 0 $aMaximus : Confessor $tVie de la Vierge.$dLovanii : In aedibus Peeters, 1986.$kCorpus Scriptorum Christianorum Orientalium. Scriptores Iberici$kCorpus Scriptorum Christianorum Orientalium$w()22541 830 0$aCorpus Scriptorum Christianorum Orientalium ;$v478.$0(OLS)http://semarc/title/77 830 0$aCorpus Scriptorum Christianorum Orientalium. Scriptores Iberici ;$v21.$0(OLS)http://semarc/title/29357 850 $aSeMil 852 $aSeMil$W1$xVenegono$y1$m2S III 478$j134430$B134430$CSeMilBibl$Z2$F146043 $81 961 $aOmaggio: Altro 996 $6245$a1: [Textus]$9(OLS)http://semarc/title/260933 996 $6264$aLovanii :$bin aedibus Peeters$9(OLS)http://semarc/publisher/29647 LEADER 01517nam a2200337 i 4500 001 000000082564 003 CaOOAMICUS 005 20220408120849.0 008 030922s1985 fr u000 u fre u 013 $a54804 020 $a2-204-02466-X 040 $aSeMil$bita 041 1 $afre$agrc 100 0 $aCyrillus : Alexandrinus,$c.$0(OLS)http://semarc/name/480 245 10$a1: Livres 1. et 2. /$cCyrille d'Alexandrie ; introduction, texte critique, traduction et notes par Paul Burguière et Pierre Évieux. 264 1$aParis :$bLes Éditions du Cerf,$c1985. 300 $a324 p. ;$c21 cm 490 1 $aSources Chrétiennes ;$v322 500 $aTesto greco e traduzione francese a fronte 700 1 $aBurguière, Paul.$0(OLS)http://semarc/name/39050 700 1 $aÉvieux, Pierre,$d<1937-2007>.$0(OLS)http://semarc/name/89156 773 0 $aCyrillus : Alexandrinus $tContre Julien.$dParis : Les Éditions du Cerf, 1985-$kSources chrétiennes$g1$w()9926 830 0$aSources chrétiennes ;$v322.$0(OLS)http://semarc/title/72 850 $aSeMil 852 $aSeMil$W1$xVenegono$y1$mSL1.T VI 322$j47477$B47477$CSeMilBibl$Z2$F50163 $8I 941 1 $a3 961 $aLascito: Colombo Card. Giovanni 996 $6020$a2-204-02466-X$9(OLS)http://semarc/number/63421 996 $6245$a1: Livres 1. et 2.$9(OLS)http://semarc/title/439612 996 $6264$aParis :$bLes Éditions du Cerf$9(OLS)http://semarc/publisher/29611